| 000 | 00660nam a2200157 a 4500 | ||
|---|---|---|---|
| 001 | 000028738 | ||
| 005 | 20200930055116.0 | ||
| 008 | 110411s2005 dr 000 0 spa d | ||
| 040 |
_aDO-SdBNP _bspa _cBNPHU |
||
| 082 |
_axxx _bM935 |
||
| 110 | 1 |
_aMovimiento médico Dr. Tejada Florentino _955735 |
|
| 245 | 1 | 0 |
_aEstatutos. : _bEstos estatutos contienen las modificaciones aprobadas por el movimiento médico Dr. Tejada Florentino del Colegio Médico Dominicano, en su asamblea nacional extraordinaria celebrada el 28 de mayo de 2005 en la sede central del CMD.. |
| 260 |
_aSanto Domingo, : _bEditora Búho, _c2005. |
||
| 300 |
_a25 p. ; _c22 cm. |
||
| 049 | _aBNPD | ||
| 999 |
_c28230 _d28230 |
||